[Event "Copenhagen Chess Challenge 2010"]
[Site "Ballerup"]
[Date "2010.??.??"]
[Round "1"]
[White "Hector, Jonny"]
[Black "Eriksson, Christian Altenburg"]
[Result "1-0"]
[WhiteElo "2582"]
[BlackElo "2155"]
[PlyCount "113"]
[EventDate "2010.??.??"]
[EventType "swiss"]
[EventRounds "9"]
[EventCountry "DEN"]

1. e4 c5 2. Nf3 Nc6 3. Nc3 Nf6 4. Bb5 g6 5. e5 Ng4 6. Bxc6 dxc6 7. h3 Nh6 8. g4
Bg7 9. d3 Qb6 10. Rg1 O-O 11. Be3 f5 12. exf6 exf6 13. Qd2 Nf7 14. Na4 Qb4 15.
Nxc5 Qxb2 16. Bd4 Ne5 17. Bxe5 fxe5 18. Ke2 Qb5 19. Ne4 Qd5 20. c4 Qf7 21. Rg3
Qe7 22. Rb1 Rb8 23. Qb4 Qxb4 24. Rxb4 b6 25. Rg1 Rd8 26. Rgb1 h6 27. a4 Bd7 28.
R4b3 Be6 29. R3b2 Rbc8 30. a5 bxa5 31. Rb7 Ra8 32. Ra1 Rd7 33. Rb3 h5 34. Nfg5
Re7 35. Nxe6 Rxe6 36. Rxa5 hxg4 37. hxg4 Re7 38. Rba3 Rb7 39. Ra6 Rc7 40. R3a5
Kf8 41. Rc5 Rac8 42. Nd6 Ra8 43. Nb5 Rcc8 44. Nc3 Ke7 45. Rcxc6 Rxc6 46. Rxc6
a5 47. Na4 Kf7 48. Rb6 Bf8 49. Rb5 Ke6 50. Ke3 Bh6+ 51. Ke4 Bg7 52. g5 Ra7 53.
Rb6+ Kf7 54. c5 Rc7 55. c6 Ke6 56. Nc5+ Ke7 57. Kd5 1-0

[Event "Copenhagen Chess Challenge 2010"]
[Site "Ballerup"]
[Date "2010.??.??"]
[Round "1"]
[White "Poulsen, Iver"]
[Black "Haub, Thorsten Michael"]
[Result "0-1"]
[WhiteElo "2140"]
[BlackElo "2508"]
[PlyCount "88"]
[EventDate "2010.??.??"]
[EventType "swiss"]
[EventRounds "9"]
[EventCountry "DEN"]

1. e4 g6 2. d4 Bg7 3. Nc3 d6 4. Be3 a6 5. Qd2 Nd7 6. g4 b5 7. Bg2 Nb6 8. g5 Nc4
9. Qe2 Nxe3 10. Qxe3 c6 11. Nge2 Qb6 12. h4 h5 13. O-O-O e5 14. Qd2 Ne7 15.
dxe5 dxe5 16. Qd6 Be6 17. Bh3 Nc8 18. Qd2 Bxh3 19. Rxh3 O-O 20. f4 exf4 21.
Nxf4 Qa5 22. Kb1 b4 23. Nce2 Nb6 24. Rb3 c5 25. Nd5 Nxd5 26. exd5 Qb5 27. d6 a5
28. Rd3 c4 29. Rd5 Qd7 30. Qf4 c3 31. Ng3 b3 32. axb3 a4 33. b4 cxb2 34. Ne4 a3
35. Nf6+ Bxf6 36. gxf6 Qa4 37. Ka2 Qxc2 38. Rb1 Qxb1+ 39. Kxb1 a2+ 40. Kxb2
a1=Q+ 41. Kb3 Qa2+ 42. Kc3 Qxd5 43. Qh6 Rfc8+ 44. Kb2 Qa2# 0-1

[Event "Copenhagen Chess Challenge 2010"]
[Site "Ballerup"]
[Date "2010.??.??"]
[Round "1"]
[White "Danielsen, Henrik"]
[Black "Brondum, Eric"]
[Result "1-0"]
[WhiteElo "2494"]
[BlackElo "2135"]
[PlyCount "91"]
[EventDate "2010.??.??"]
[EventType "swiss"]
[EventRounds "9"]
[EventCountry "DEN"]

1. c4 Nf6 2. Nc3 g6 3. Nf3 Bg7 4. d4 d6 5. Bf4 O-O 6. e3 c6 7. h3 Bf5 8. Bd3
Qa5 9. O-O Bxd3 10. Qxd3 d5 11. Nd2 Nbd7 12. b4 dxc4 13. Nxc4 Qh5 14. Na5 e5
15. dxe5 Nxe5 16. Bxe5 Qxe5 17. Nxb7 Qe7 18. Na5 Qxb4 19. Nxc6 Qc5 20. Nd4 Rac8
21. Rac1 Qc4 22. Qxc4 Rxc4 23. Nd5 Ra4 24. Ne7+ Kh8 25. Rc2 Ne4 26. Nec6 Re8
27. Rb1 Nd6 28. Nb5 Nxb5 29. Rxb5 Rc8 30. g4 h6 31. Kg2 Bf6 32. Rb8 Rxb8 33.
Nxb8 Kg7 34. Nd7 Be7 35. Ne5 Bf6 36. Nc4 Be7 37. f4 Bc5 38. Kf3 Bb6 39. h4 Bd8
40. h5 gxh5 41. gxh5 Bc7 42. e4 Bd8 43. Nd6 Bb6 44. e5 Ra3+ 45. Kg4 Rd3 46. Rc8
1-0

[Event "Copenhagen Chess Challenge 2010"]
[Site "Ballerup"]
[Date "2010.??.??"]
[Round "1"]
[White "Hvenekilde, Jorgen"]
[Black "Brynell, Stellan"]
[Result "0-1"]
[WhiteElo "2128"]
[BlackElo "2479"]
[PlyCount "100"]
[EventDate "2010.??.??"]
[EventType "swiss"]
[EventRounds "9"]
[EventCountry "DEN"]

1. d4 Nf6 2. c4 e6 3. Nf3 b6 4. g3 Ba6 5. Nbd2 Bb4 6. Qb3 c5 7. Bg2 Nc6 8. dxc5
Bxc5 9. O-O O-O 10. a3 Qc7 11. Qc3 Bb7 12. b4 Be7 13. Bb2 Rac8 14. Rac1 a5 15.
b5 Nb8 16. e4 d6 17. Nd4 Rfe8 18. Rfe1 Bf8 19. h3 Nfd7 20. Kh2 Nc5 21. Qe3 Nbd7
22. f4 g6 23. N4f3 e5 24. f5 Nf6 25. Nh4 Be7 26. Rf1 Qd8 27. Rce1 Rc7 28. Re2
Nh5 29. Nhf3 Bf6 30. Ref2 Qe7 31. h4 gxf5 32. exf5 e4 33. Nd4 Nd3 34. Ba1 Nxf2
35. Rxf2 Kh8 36. Qh6 e3 37. Re2 Bxg2 38. Kxg2 Qf8 39. Qxh5 exd2 40. Rxd2 Be5
41. Nc2 Bxa1 42. Nxa1 Qg7 43. Nc2 Rxc4 44. Rf2 Rg4 45. Rf3 Re2+ 46. Kh3 Rxc2
47. Re3 h6 48. f6 Qg6 49. Qd5 h5 50. Qxd6 Rxh4+ 0-1

[Event "Copenhagen Chess Challenge 2010"]
[Site "Ballerup"]
[Date "2010.??.??"]
[Round "1"]
[White "Tikkanen, Hans"]
[Black "Grove, Peter"]
[Result "1/2-1/2"]
[WhiteElo "2465"]
[BlackElo "2124"]
[PlyCount "30"]
[EventDate "2010.??.??"]
[EventType "swiss"]
[EventRounds "9"]
[EventCountry "DEN"]

1. d4 Nf6 2. c4 e6 3. Nc3 Nc6 4. Nf3 Bb4 5. g3 O-O 6. Bg2 Qe7 7. Qd3 d6 8. O-O
e5 9. Nd5 Nxd5 10. cxd5 Nxd4 11. Nxd4 exd4 12. a3 Bc5 13. b4 Bb6 14. Bb2 a5 15.
Bf3 Qf6 1/2-1/2

[Event "Copenhagen Chess Challenge 2010"]
[Site "Ballerup"]
[Date "2010.??.??"]
[Round "1"]
[White "Olsen, Aage"]
[Black "Pedersen, Nicolai Vesterbaek"]
[Result "0-1"]
[WhiteElo "2095"]
[BlackElo "2453"]
[PlyCount "60"]
[EventDate "2010.??.??"]
[EventType "swiss"]
[EventRounds "9"]
[EventCountry "DEN"]

1. e4 e5 2. Nf3 Nc6 3. Bc4 Bc5 4. c3 Nf6 5. d4 exd4 6. e5 d5 7. Bb5 Ne4 8. cxd4
Bb4+ 9. Nbd2 O-O 10. O-O Ne7 11. Qe2 Nxd2 12. Bxd2 Bxd2 13. Qxd2 Bf5 14. Bd3
Qd7 15. Bxf5 Qxf5 16. Qb4 Ng6 17. Qd2 Nf4 18. Qe3 f6 19. Rfe1 Rae8 20. Nh4 Qg4
21. g3 fxe5 22. f3 Qh5 23. dxe5 Ne6 24. Rf1 c5 25. Rae1 g5 26. Ng2 Nd4 27. f4
b6 28. Rf2 g4 29. Nh4 Nf5 30. Ng2 Nxe3 0-1

[Event "Copenhagen Chess Challenge 2010"]
[Site "Ballerup"]
[Date "2010.??.??"]
[Round "1"]
[White "Grabarczyk, Miroslaw"]
[Black "Brondt, Nicolai Kvist"]
[Result "1/2-1/2"]
[WhiteElo "2450"]
[BlackElo "2087"]
[PlyCount "155"]
[EventDate "2010.??.??"]
[EventType "swiss"]
[EventRounds "9"]
[EventCountry "DEN"]

1. d4 d5 2. c4 c6 3. Nf3 Nf6 4. e3 Bf5 5. Nc3 e6 6. Nh4 Be4 7. f3 Bg6 8. Qb3
Qc7 9. Nxg6 hxg6 10. g3 Bd6 11. Ne2 Nbd7 12. Bd2 dxc4 13. Qxc4 e5 14. Bg2 exd4
15. Nxd4 Rxh2 16. Rxh2 Bxg3+ 17. Ke2 Bxh2 18. f4 Nb6 19. Qc5 O-O-O 20. Rc1 Qd7
21. Qa5 Nbd5 22. Qxa7 Nxf4+ 23. exf4 Qxd4 24. Bh3+ Ng4 25. Bxg4+ f5 26. Qxd4
Rxd4 27. Rh1 Rxd2+ 28. Kxd2 Bxf4+ 29. Kc2 fxg4 30. Rh4 g5 31. Rxg4 Kd7 32. Kd3
Be5 33. b3 Bf6 34. a4 Kd6 35. Rb4 Kc7 36. Re4 Kd6 37. Kc4 Be7 38. b4 Bf6 39. a5
Bd8 40. Rd4+ Kc7 41. Rd1 Bf6 42. Re1 Kd7 43. Re2 Kd6 44. Re4 Be5 45. b5 cxb5+
46. Kxb5 Bf6 47. Re1 Kc7 48. Rd1 Be5 49. Rc1+ Kb8 50. Rc2 Bf6 51. Rc5 Be7 52.
Rc4 Bf6 53. Kb6 Bd8+ 54. Kb5 Bf6 55. Rc5 Be7 56. Re5 Bf6 57. Re6 Kc7 58. Kc4
Kd7 59. Rb6 Kc7 60. Kd5 Bc3 61. Rb5 Bf6 62. Rc5+ Kb8 63. Kc4 Ka7 64. Kb5 Kb8
65. Rc4 Be7 66. a6 bxa6+ 67. Kc6 Kc8 68. Ra4 Kd8 69. Rxa6 Ke8 70. Kd5 Kf7 71.
Ke5 Bf6+ 72. Kf5 Ke7 73. Ke4 Kf7 74. Kd5 Kg6 75. Ke4 Kf7 76. Rb6 Kg6 77. Rb7
Ba1 78. Ra7 1/2-1/2

[Event "Copenhagen Chess Challenge 2010"]
[Site "Ballerup"]
[Date "2010.??.??"]
[Round "1"]
[White "Andersen, Rune Egede"]
[Black "Bromann, Thorbjorn"]
[Result "0-1"]
[WhiteElo "2073"]
[BlackElo "2435"]
[PlyCount "74"]
[EventDate "2010.??.??"]
[EventType "swiss"]
[EventRounds "9"]
[EventCountry "DEN"]

1. e4 g6 2. d4 Bg7 3. Nc3 d6 4. Be3 a6 5. Qd2 Nd7 6. Nf3 b5 7. h4 h6 8. a4 b4
9. Nd5 a5 10. Bb5 Bb7 11. Bc4 e6 12. Nf4 Bxe4 13. Bxe6 fxe6 14. Nxe6 Qf6 15.
Nxc7+ Kf7 16. Rh3 Rc8 17. Bg5 Qf5 18. Nb5 Bf8 19. Qe3 Bd5 20. Bf4 Re8 21. Be5
Ngf6 22. Nc7 Rc8 23. Nxd5 Nxd5 24. Qb3 Qe6 25. O-O-O dxe5 26. dxe5 N5b6 27. Qe3
Bc5 28. Nd4 Bxd4 29. Rxd4 Kg7 30. f4 Qc6 31. Qd3 Nc5 32. Qg3 Ne4 33. Qd3 Nf2
34. Qd2 Nxh3 35. Rd6 Qc5 36. Rd4 Ng1 37. e6 Ne2+ 0-1

[Event "Copenhagen Chess Challenge 2010"]
[Site "Ballerup"]
[Date "2010.??.??"]
[Round "1"]
[White "Berg, Klaus"]
[Black "Johansson, Anders"]
[Result "1/2-1/2"]
[WhiteElo "2428"]
[BlackElo "2071"]
[PlyCount "83"]
[EventDate "2010.??.??"]
[EventType "swiss"]
[EventRounds "9"]
[EventCountry "DEN"]

1. c4 Nf6 2. Nc3 c5 3. Nf3 d5 4. cxd5 Nxd5 5. e3 Nxc3 6. bxc3 g6 7. d4 Bg7 8.
Be2 O-O 9. O-O Qc7 10. Rb1 Rd8 11. e4 Nc6 12. Be3 Bg4 13. d5 Bxc3 14. Qb3 Nd4
15. Nxd4 cxd4 16. Bxg4 dxe3 17. Rbc1 Qf4 18. Rxc3 Qxg4 19. Rxe3 Qd7 20. Rd1
Rac8 21. h3 b5 22. e5 Rc4 23. d6 a6 24. Qd3 Qe6 25. a3 Rd7 26. Qe2 Kg7 27. Qf3
Rc5 28. Qf4 Rc4 29. Rd4 Rxd4 30. Qxd4 exd6 31. Rd3 f6 32. f4 fxe5 33. fxe5 d5
34. Kh2 Re7 35. Re3 Rf7 36. Rf3 Re7 37. Re3 Rf7 38. g4 Rc7 39. Rd3 Re7 40. Re3
Rc7 41. Rd3 Re7 42. Re3 1/2-1/2

[Event "Copenhagen Chess Challenge 2010"]
[Site "Ballerup"]
[Date "2010.??.??"]
[Round "1"]
[White "Peschardt, Soren"]
[Black "Semcesen, Daniel"]
[Result "0-1"]
[WhiteElo "2069"]
[BlackElo "2424"]
[PlyCount "84"]
[EventDate "2010.??.??"]
[EventType "swiss"]
[EventRounds "9"]
[EventCountry "DEN"]

1. d4 d5 2. Nf3 Nf6 3. g3 Bg4 4. Bg2 Nbd7 5. O-O e6 6. b3 Bd6 7. c4 O-O 8. Ba3
dxc4 9. Bxd6 cxd6 10. bxc4 Rc8 11. Nbd2 Qc7 12. Qb3 b6 13. Rfc1 Nb8 14. Qd3 Nc6
15. Rab1 e5 16. e3 Rfe8 17. Ng5 Qe7 18. d5 Na5 19. Nge4 Nxe4 20. Bxe4 g6 21. f3
Bd7 22. Qa3 Rc7 23. Bd3 Rec8 24. Ne4 Bf5 25. Nd2 Bxd3 26. Qxd3 f5 27. Rb4 Nb7
28. Nb3 Nc5 29. Nxc5 Rxc5 30. Ra4 b5 31. Ra6 bxc4 32. Qa3 R8c7 33. e4 c3 34.
Rc2 Qd7 35. Qc1 Rc4 36. exf5 Qxf5 37. Rxd6 Kg7 38. Kg2 e4 39. Rf2 Rf7 40. f4
Re7 41. Rc2 e3 42. Re6 Qxd5+ 0-1

[Event "Copenhagen Chess Challenge 2010"]
[Site "Ballerup"]
[Date "2010.??.??"]
[Round "1"]
[White "Smith, Axel"]
[Black "Rostgaard, Tobias Valentin"]
[Result "1-0"]
[WhiteElo "2408"]
[BlackElo "2037"]
[PlyCount "75"]
[EventDate "2010.??.??"]
[EventType "swiss"]
[EventRounds "9"]
[EventCountry "DEN"]

1. c4 e5 2. g3 Nc6 3. Bg2 g6 4. Nc3 Bg7 5. e4 d6 6. Nge2 Nge7 7. d3 O-O 8. O-O
Be6 9. Nd5 Nd4 10. Nxd4 exd4 11. f4 f6 12. b4 c6 13. Nxe7+ Qxe7 14. f5 Bf7 15.
a4 Rfe8 16. Qb3 Rad8 17. a5 Qd7 18. Qb2 c5 19. Bd2 gxf5 20. Bh3 Be6 21. Bxf5
Bxf5 22. Rxf5 Re5 23. Raf1 Rde8 24. Qb1 Rxf5 25. Rxf5 Re5 26. Qf1 Qa4 27. b5
Rxf5 28. exf5 d5 29. Qe2 h6 30. Qe8+ Kh7 31. Bxh6 Qd1+ 32. Kg2 Qg4 33. Bxg7
Kxg7 34. Qe7+ Kg8 35. Qe6+ Kg7 36. cxd5 Qd1 37. Qe7+ Kg8 38. Qe8+ 1-0

[Event "Copenhagen Chess Challenge 2010"]
[Site "Ballerup"]
[Date "2010.??.??"]
[Round "1"]
[White "Pallesen, Jacob"]
[Black "Mikkelsen, Nikolaj"]
[Result "0-1"]
[WhiteElo "2028"]
[BlackElo "2388"]
[PlyCount "60"]
[EventDate "2010.??.??"]
[EventType "swiss"]
[EventRounds "9"]
[EventCountry "DEN"]

1. e4 c5 2. Nc3 Nc6 3. f4 e6 4. Nf3 d5 5. Bb5 Nge7 6. O-O a6 7. Bxc6+ Nxc6 8.
exd5 exd5 9. Re1+ Be7 10. Ne5 O-O 11. d3 Nd4 12. Ne2 f6 13. Nxd4 fxe5 14. Ne2
Bd6 15. fxe5 Bxe5 16. Ng3 Qd6 17. Qh5 Bd4+ 18. Kh1 Bd7 19. Bd2 g6 20. Qh6 Bxb2
21. Rab1 Bg7 22. Qh4 b6 23. Qe7 Qc6 24. Rf1 Rae8 25. Qh4 Qa4 26. Rxf8+ Rxf8 27.
Qxa4 Bxa4 28. Rxb6 Bxc2 29. Rxa6 Bxd3 30. Ra5 Rc8 0-1

[Event "Copenhagen Chess Challenge 2010"]
[Site "Ballerup"]
[Date "2010.??.??"]
[Round "1"]
[White "Skytte, Rasmus"]
[Black "Frank Nielsen, Marie"]
[Result "1-0"]
[WhiteElo "2386"]
[BlackElo "1992"]
[PlyCount "61"]
[EventDate "2010.??.??"]
[EventType "swiss"]
[EventRounds "9"]
[EventCountry "DEN"]

1. e4 d6 2. d4 Nf6 3. Nc3 Nbd7 4. g4 h6 5. Bg2 e5 6. h3 Be7 7. Nge2 c6 8. a4 a5
9. f4 Nh7 10. O-O O-O 11. Be3 Bf6 12. Qd2 Re8 13. Rad1 Qe7 14. Ng3 Nhf8 15. Nh5
exd4 16. Nxf6+ Nxf6 17. Bxd4 Ne6 18. Bxf6 Qxf6 19. f5 Nf8 20. Qxd6 Qg5 21. Qg3
Nd7 22. e5 Nxe5 23. Ne4 Qe7 24. f6 Qc7 25. fxg7 Kxg7 26. Nd6 Re7 27. Qh4 Ng6
28. Qf6+ Kg8 29. Nxf7 Rxf7 30. Qxg6+ Rg7 31. Qe8+ 1-0

[Event "Copenhagen Chess Challenge 2010"]
[Site "Ballerup"]
[Date "2010.??.??"]
[Round "1"]
[White "Langmyhr, Tore"]
[Black "Bejtovic, Jasmin"]
[Result "0-1"]
[WhiteElo "1991"]
[BlackElo "2384"]
[PlyCount "82"]
[EventDate "2010.??.??"]
[EventType "swiss"]
[EventRounds "9"]
[EventCountry "DEN"]

1. c4 Nf6 2. Nc3 g6 3. e4 d6 4. d4 Bg7 5. Be2 O-O 6. f4 Na6 7. Nf3 c5 8. d5 e6
9. O-O exd5 10. cxd5 Nc7 11. Qc2 Re8 12. a4 b6 13. Re1 a6 14. Bf1 Rb8 15. Bd2
b5 16. axb5 axb5 17. Nd1 Na6 18. Nf2 Qb6 19. h3 Bb7 20. Kh2 c4 21. Be3 Qc7 22.
Nd4 Qd7 23. g3 Nc5 24. Bg2 Ra8 25. Rxa8 Bxa8 26. g4 Bb7 27. g5 Nh5 28. Qd2 h6
29. Bf3 hxg5 30. Bxh5 gxh5 31. Nf5 Nb3 32. Qc2 Bf6 33. fxg5 Be5+ 34. Kh1 Nc5
35. Nh6+ Kg7 36. Bxc5 dxc5 37. Qd1 Bxb2 38. Rf1 Rxe4 39. Qxh5 Qxd5 40. Qf3 Re1
41. Qxd5 Rxf1+ 0-1

[Event "Copenhagen Chess Challenge 2010"]
[Site "Ballerup"]
[Date "2010.??.??"]
[Round "1"]
[White "Nilssen, John Arni"]
[Black "Kokholm, Daniel"]
[Result "1-0"]
[WhiteElo "2372"]
[BlackElo "1962"]
[PlyCount "53"]
[EventDate "2010.??.??"]
[EventType "swiss"]
[EventRounds "9"]
[EventCountry "DEN"]

1. d4 Nf6 2. c4 e5 3. dxe5 Ng4 4. Nf3 Nc6 5. Nc3 Bb4 6. Bd2 Ngxe5 7. e3 a5 8.
a3 Bxc3 9. Bxc3 d6 10. Qc2 Qe7 11. Be2 O-O 12. O-O b6 13. Rae1 f5 14. Nd4 Bd7
15. f4 Ng6 16. Bf3 Qe8 17. Qd2 Rc8 18. Bd5+ Kh8 19. e4 Nge7 20. exf5 Qh5 21.
Be6 Bxe6 22. Nxe6 Rf7 23. Nxg7 Rxg7 24. f6 Qc5+ 25. Kh1 Nf5 26. fxg7+ Nxg7 27.
Rf3 1-0

[Event "Copenhagen Chess Challenge 2010"]
[Site "Ballerup"]
[Date "2010.??.??"]
[Round "1"]
[White "Skjoldager, Mikael"]
[Black "Westerinen, Heikki"]
[Result "1/2-1/2"]
[WhiteElo "1958"]
[BlackElo "2347"]
[PlyCount "131"]
[EventDate "2010.??.??"]
[EventType "swiss"]
[EventRounds "9"]
[EventCountry "DEN"]

1. e4 e6 2. d4 d5 3. Nc3 Bb4 4. e5 c5 5. a3 Bxc3+ 6. bxc3 Nc6 7. Qg4 g6 8. f4
cxd4 9. cxd4 Nxd4 10. Qd1 Qa5+ 11. Bd2 Qa4 12. Bd3 Ne7 13. Ne2 Bd7 14. Nc3 Qc6
15. Rb1 a6 16. Rb4 Ndf5 17. Qb1 b5 18. O-O Qc5+ 19. Kh1 Nc6 20. Bxf5 exf5 21.
Ne2 O-O 22. Rb3 Be6 23. Qe1 d4 24. Rh3 Qe7 25. Qf2 Rad8 26. Ng1 Bc4 27. Re1 d3
28. Nf3 f6 29. exf6 Qxf6 30. Ng5 Rd7 31. cxd3 Bxd3 32. Qh4 h5 33. Re6 Qa1+ 34.
Be1 Ne7 35. Rhe3 Qg7 36. Rxa6 b4 37. Rb6 bxa3 38. Rb3 a2 39. Ne6 Qf6 40. Qxf6
Rxf6 41. Bc3 Bc4 42. Rb8+ Kh7 43. Re1 Nc6 44. Ra8 Bxe6 45. Bxf6 Bg8 46. h3 Nb4
47. Ree8 Nd5 48. Be5 Nb6 49. Rxg8 a1=Q+ 50. Bxa1 Rd1+ 51. Kh2 Rxa1 52. Rh8+ Kg7
53. Rxa1 Kxh8 54. Ra7 Nd5 55. Kg3 Nf6 56. Kf3 Kg8 57. g3 Kf8 58. Ke3 h4 59.
gxh4 Nd5+ 60. Kf3 Nf6 61. Ke3 Nd5+ 62. Kd4 Nxf4 63. Ke5 Nh5 64. Rh7 Kg8 65.
Rxh5 gxh5 66. Kxf5 1/2-1/2

[Event "Copenhagen Chess Challenge 2010"]
[Site "Ballerup"]
[Date "2010.??.??"]
[Round "1"]
[White "Andersen, Mads"]
[Black "Tandrup, Michael"]
[Result "1-0"]
[WhiteElo "2331"]
[BlackElo "1954"]
[PlyCount "49"]
[EventDate "2010.??.??"]
[EventType "swiss"]
[EventRounds "9"]
[EventCountry "DEN"]

1. e4 g6 2. d4 Bg7 3. Nc3 d6 4. f4 a6 5. Nf3 b5 6. Bd3 Bb7 7. e5 Nd7 8. O-O e6
9. Ng5 Ne7 10. Qg4 Nf5 11. d5 Nh6 12. Qh3 dxe5 13. dxe6 Nc5 14. exf7+ Nxf7 15.
Nxf7 Kxf7 16. fxe5+ Ke8 17. Be3 Nxd3 18. cxd3 Qe7 19. Qg4 Rf8 20. d4 Rd8 21.
Ne4 Bc8 22. Qg3 Qb4 23. Rxf8+ Kxf8 24. Qh4 Rxd4 25. Qf2+ 1-0

[Event "Copenhagen Chess Challenge 2010"]
[Site "Ballerup"]
[Date "2010.??.??"]
[Round "1"]
[White "Andersen, Daniel"]
[Black "Skousen, Nikolai"]
[Result "0-1"]
[WhiteElo "1948"]
[BlackElo "2317"]
[PlyCount "70"]
[EventDate "2010.??.??"]
[EventType "swiss"]
[EventRounds "9"]
[EventCountry "DEN"]

1. c4 e5 2. Nc3 d6 3. Nf3 f5 4. d4 e4 5. Ng5 h6 6. Nh3 g5 7. e3 Nf6 8. Be2 Be6
9. b3 Bg7 10. Bb2 O-O 11. Qd2 c6 12. O-O-O a6 13. f3 b5 14. Nf2 bxc4 15. bxc4
d5 16. c5 a5 17. Kb1 a4 18. a3 Rf7 19. Rc1 Rb7 20. Na2 Ne8 21. Nb4 Nc7 22. Ka2
Qd7 23. Bc3 Nba6 24. Rb1 Nxb4+ 25. Rxb4 Rxb4 26. Bxb4 Bf7 27. Rg1 f4 28. Rd1
exf3 29. Bxf3 fxe3 30. Qxe3 Re8 31. Qd3 Nb5 32. Bc3 Bg6 33. Qd2 Qf5 34. Bb2 Qc2
35. Be2 Rxe2 0-1

[Event "Copenhagen Chess Challenge 2010"]
[Site "Ballerup"]
[Date "2010.??.??"]
[Round "1"]
[White "Teplyi, Igor"]
[Black "Hansen, Rasmus Agertoft"]
[Result "1-0"]
[WhiteElo "2315"]
[BlackElo "1947"]
[PlyCount "123"]
[EventDate "2010.??.??"]
[EventType "swiss"]
[EventRounds "9"]
[EventCountry "DEN"]

1. d4 Nf6 2. Nf3 g6 3. c4 Bg7 4. g3 O-O 5. Bg2 d6 6. O-O Nc6 7. d5 Nb8 8. Nc3
Nbd7 9. Be3 Ng4 10. Bd4 f6 11. Ne1 Nh6 12. e4 a5 13. f4 b6 14. Nf3 Nc5 15. h3
Rb8 16. Qe2 Nf7 17. Bf2 Bd7 18. g4 e5 19. f5 g5 20. Qc2 Qe8 21. Nd2 Nd8 22. Bf3
Ndb7 23. b3 Na6 24. a3 Ra8 25. Be2 Rc8 26. Rab1 Qe7 27. Be3 Be8 28. Kg2 Kf7 29.
Rh1 Rh8 30. h4 h6 31. Nf1 Kg8 32. Ng3 Rd8 33. b4 Rb8 34. c5 axb4 35. axb4 Nxb4
36. Rxb4 dxc5 37. Rbb1 Bd7 38. Bc4 Qd6 39. Nb5 Bxb5 40. Bxb5 Kf7 41. Ra1 Qd8
42. Ra7 Nd6 43. Bc6 Nc8 44. Raa1 Nd6 45. Kf3 Qe7 46. Rh2 Qd8 47. Qc1 Rg8 48.
Nh5 Qe7 49. Qc2 Qd8 50. hxg5 hxg5 51. Nxg7 Rxg7 52. Rah1 Qe7 53. Rh6 Rbg8 54.
Ra1 Nc8 55. Qh2 Qd6 56. Qh5+ Ke7 57. Rh7 Qd8 58. Ra8 Kd6 59. Rxg7 Rxg7 60. Bb7
Qd7 61. Bxc8 Qb5 62. Ra1 1-0

[Event "Copenhagen Chess Challenge 2010"]
[Site "Ballerup"]
[Date "2010.??.??"]
[Round "1"]
[White "Reppen, Ellisiv"]
[Black "Skovgaard, Peter Nicolai"]
[Result "0-1"]
[WhiteElo "1944"]
[BlackElo "2307"]
[PlyCount "88"]
[EventDate "2010.??.??"]
[EventType "swiss"]
[EventRounds "9"]
[EventCountry "DEN"]

1. e4 c5 2. Nf3 a6 3. d4 cxd4 4. Nxd4 Nf6 5. Nc3 e5 6. Nf3 Nc6 7. Bg5 Bb4 8.
Bd3 h6 9. Bxf6 Qxf6 10. O-O Bxc3 11. bxc3 d6 12. Rb1 Qe7 13. Nd2 Be6 14. Bc4
Na5 15. Bd5 Bxd5 16. exd5 Rc8 17. Qg4 O-O 18. Qb4 Qc7 19. Ne4 Rfd8 20. Rfe1 f5
21. Ng3 Qxc3 22. Nxf5 Qxb4 23. Rxb4 Rxc2 24. Rg4 Rd7 25. Nxh6+ Kf8 26. Nf5 Rxa2
27. h4 b5 28. Rg6 Nc4 29. h5 b4 30. h6 gxh6 31. Rxh6 b3 32. Rh8+ Kf7 33. Rh7+
Kg6 34. Rxd7 Kxf5 35. Rc7 b2 36. Rxc4 Ra1 37. g4+ Kg5 38. Rce4 a5 39. Kg2 Rxe1
40. Rxe1 a4 41. Kg3 a3 42. Rb1 a2 43. Rxb2 a1=Q 44. Rb8 Qg1+ 0-1

[Event "Copenhagen Chess Challenge 2010"]
[Site "Ballerup"]
[Date "2010.??.??"]
[Round "1"]
[White "Carstensen, Jacob"]
[Black "Knudsen, Jes West"]
[Result "1-0"]
[WhiteElo "2295"]
[BlackElo "1938"]
[PlyCount "83"]
[EventDate "2010.??.??"]
[EventType "swiss"]
[EventRounds "9"]
[EventCountry "DEN"]

1. d4 f5 2. g3 Nf6 3. Bg2 g6 4. c4 Bg7 5. Nc3 Nc6 6. Nf3 d6 7. d5 Ne5 8. Nxe5
dxe5 9. O-O O-O 10. Qb3 Kh8 11. Rd1 h6 12. c5 g5 13. Qb4 Qe8 14. Nb5 a5 15. Qc4
Qh5 16. Nxc7 f4 17. f3 Bh3 18. Ne6 Bxe6 19. dxe6 Rad8 20. Bd2 Rd4 21. Qc2 Nd5
22. Qb3 Rd8 23. Bxa5 Qe8 24. Rxd4 exd4 25. Bxd8 Qxd8 26. Qxb7 Be5 27. Qd7 Qa8
28. c6 Bd6 29. Qb7 Qa5 30. b4 Qa3 31. c7 Nxc7 32. Qe4 Qb2 33. Rb1 Qxa2 34. b5
Bc5 35. Kh1 Qxe6 36. Qxe6 Nxe6 37. b6 Bd6 38. b7 Bb8 39. Rc1 Nc7 40. gxf4 Kg7
41. fxg5 hxg5 42. Ra1 1-0

[Event "Copenhagen Chess Challenge 2010"]
[Site "Ballerup"]
[Date "2010.??.??"]
[Round "1"]
[White "Lofberg, Jan"]
[Black "Matthiesen, Martin"]
[Result "1/2-1/2"]
[WhiteElo "1937"]
[BlackElo "2290"]
[PlyCount "68"]
[EventDate "2010.??.??"]
[EventType "swiss"]
[EventRounds "9"]
[EventCountry "DEN"]

1. e4 c5 2. Nf3 d6 3. d4 cxd4 4. Nxd4 Nf6 5. Nc3 a6 6. f3 e5 7. Nde2 Be6 8. Be3
Nbd7 9. Nd5 Bxd5 10. exd5 Qa5+ 11. Nc3 Nb6 12. Bxb6 Qxb6 13. Qd2 g6 14. O-O-O
h5 15. Kb1 Bh6 16. Qe1 Rc8 17. Ne4 Nxe4 18. fxe4 Be3 19. Rd3 Bd4 20. Qc1 Rc3
21. Rxc3 Bxc3 22. h4 Bd4 23. Rh3 Kf8 24. Rb3 Qc7 25. Be2 Kg7 26. g3 Qe7 27. Qf1
Rf8 28. Rf3 Rc8 29. Qh3 Rh8 30. Rd3 Ba7 31. Rf3 Qc7 32. Qf1 Rf8 33. Qd1 Qd7 34.
Qc1 Qe7 1/2-1/2

[Event "Copenhagen Chess Challenge 2010"]
[Site "Ballerup"]
[Date "2010.??.??"]
[Round "1"]
[White "De Verdier, Michael"]
[Black "Thestrup, Sixten"]
[Result "1-0"]
[WhiteElo "2286"]
[BlackElo "1930"]
[PlyCount "49"]
[EventDate "2010.??.??"]
[EventType "swiss"]
[EventRounds "9"]
[EventCountry "DEN"]

1. Nf3 d6 2. d4 Bg4 3. e3 Nd7 4. Nbd2 e5 5. Be2 Ngf6 6. c4 Be7 7. b3 c6 8. Qc2
Qa5 9. O-O g5 10. Bb2 Bh5 11. c5 e4 12. Nc4 Qd8 13. cxd6 exf3 14. dxe7 Qc7 15.
Bxf3 Bxf3 16. gxf3 b5 17. Ne5 Nd5 18. Qxc6 Qxc6 19. Nxc6 Nxe7 20. Nxe7 Kxe7 21.
Rac1 Rac8 22. Rxc8 Rxc8 23. Rc1 Rxc1+ 24. Bxc1 Nf6 25. e4 1-0

[Event "Copenhagen Chess Challenge 2010"]
[Site "Ballerup"]
[Date "2010.??.??"]
[Round "1"]
[White "Haubro, Martin"]
[Black "Stigar, Petter"]
[Result "1/2-1/2"]
[WhiteElo "1907"]
[BlackElo "2281"]
[PlyCount "49"]
[EventDate "2010.??.??"]
[EventType "swiss"]
[EventRounds "9"]
[EventCountry "DEN"]

1. e4 c5 2. Nc3 Nc6 3. g3 g6 4. Bg2 Bg7 5. d3 d6 6. Be3 e5 7. Nce2 Nge7 8. c3
O-O 9. f4 b6 10. Nf3 exf4 11. Nxf4 d5 12. exd5 Nxd5 13. Nxd5 Qxd5 14. O-O Bb7
15. d4 Rad8 16. dxc5 Qe6 17. Qe1 Rfe8 18. Bf2 Qc4 19. Qc1 bxc5 20. Re1 a5 21.
Nd2 Qb5 22. Rxe8+ Rxe8 23. Ne4 Nd4 24. cxd4 Bxe4 25. Qxc5 1/2-1/2

[Event "Copenhagen Chess Challenge 2010"]
[Site "Ballerup"]
[Date "2010.??.??"]
[Round "1"]
[White "Hove, Esben Kjems"]
[Black "Marshall, Michael"]
[Result "1-0"]
[WhiteElo "2269"]
[BlackElo "1906"]
[PlyCount "69"]
[EventDate "2010.??.??"]
[EventType "swiss"]
[EventRounds "9"]
[EventCountry "DEN"]

1. d4 Nf6 2. c4 e6 3. Nc3 Bb4 4. Qc2 b6 5. a3 Bxc3+ 6. Qxc3 Bb7 7. f3 d5 8. e3
O-O 9. Nh3 Nbd7 10. c5 bxc5 11. dxc5 c6 12. Be2 a5 13. b4 Qc7 14. Bb2 e5 15.
O-O Ba6 16. Bxa6 Rxa6 17. Nf2 Ne8 18. Nd3 f6 19. f4 e4 20. Nc1 axb4 21. axb4
Rxa1 22. Bxa1 f5 23. Qa3 Nef6 24. Nb3 Qb7 25. Qa4 Ra8 26. Na5 Ra6 27. Bd4 Kf7
28. Nxb7 Rxa4 29. Nd8+ Ke8 30. Nxc6 Ra2 31. Ra1 Rc2 32. Rb1 h6 33. Na7 Kd8 34.
c6 Nb8 35. Bb6+ 1-0